Inovačná výkonnosť krajín V4

Sledovanie a analýza inovačnej výkonnosti krajín V4 na vybraných inputových a outputových parametroch inovačných aktivít. Význam inovačnej výkonnosti. Parametrizácia inovačnej výkonnosti. Výdavky na vedu a výskum. Patentovanie.

Salvato in:
Dettagli Bibliografici
Autore principale: Puškárová, Paula, 1985-
Natura: Capitolo di libro
Lingua:slovacco
Soggetti:
Tags: Aggiungi Tag
Nessun Tag, puoi essere il primo ad aggiungerne!!

MARC

LEADER 00000nla a2200000 4500
001 0164563
005 20240502072855.3
041 0 |a slo 
044 |a SK 
245 1 0 |a Inovačná výkonnosť krajín V4  |c Paula Puškárová 
520 |a Sledovanie a analýza inovačnej výkonnosti krajín V4 na vybraných inputových a outputových parametroch inovačných aktivít. Význam inovačnej výkonnosti. Parametrizácia inovačnej výkonnosti. Výdavky na vedu a výskum. Patentovanie. 
610 2 0 |a inovácia 
610 2 0 |a výkonnosť 
610 2 0 |a efektívnosť inovácií 
610 2 0 |a Vyšehradská štvorka 
610 2 0 |a investovanie 
610 2 0 |a veda 
610 2 0 |a výskum 
100 1 |a Puškárová, Paula, 1985-